MARC

LEADER 00000nam0a2200000 4500
001 686087
005 20260410143225.0
090 |a 686087 
100 |a 20260410d1977 km|y0rusy50 ca 
101 0 |a rus 
102 |a UA 
105 |a y z 001yy 
181 0 |a i   |b  e  
182 0 |a n 
183 0 |a nc  |2 RDAcarrier 
200 1 |a Использование материальных и энергетических ресурсов в черной металлургии  |f К. И. Жиляев, Д. А. Горелов, Г. Н. Зайка 
203 |a Текст  |b визуальный  |c непосредственный 
210 |a Киев  |c Технiка  |d 1977 
215 |a 152 с. 
283 |a volume  |2 RDAcarrier 
320 |a Список литературы: с. 149-151 
606 |a Металлургические заводы  |x Черная металлургия  |x Внутризаводской транспорт  |x Экономия материалов  |x Экономия электроэнергии и топлива, материалов  |9 62387 
610 1 |a материальные ресурсы 
610 1 |a энергетические ресурсы 
610 1 |a экономия 
610 1 |a значение 
610 1 |a черная металлургия 
610 1 |a расход 
610 1 |a динамика 
610 1 |a изменение 
610 1 |a технический прогресс 
610 1 |a технологические отходы 
610 1 |a сырье 
610 1 |a потери 
610 1 |a использование 
610 1 |a улучшение 
675 |a 669.1.004  |v 4 
700 1 |a Жиляев  |b К. И.  |g Константин Иванович 
701 1 |a Горелов  |b Д. А.  |g Дмитрий Александрович 
701 1 |a Зайка  |b Г. Н.  |g Григорий Наумович 
801 0 |a RU  |b 63413507  |c 20260410 
830 |a Ретро2026Каталогизация Шило 
850 |a 63413507 
942 |c BK